[Event "BL 0910 H.Handschuhsheim - SF Katernber"]
[Site "?"]
[Date "2010.04.10"]
[Round "14.1"]
[White "Chuchelov, Vladimir"]
[Black "Ikonnikov, Viacheslav"]
[Result "1/2-1/2"]
[WhiteElo "2598"]
[BlackElo "2558"]
[PlyCount "84"]
[EventDate "2010.??.??"]

1. Nf3 Nf6 2. c4 e6 3. Nc3 Bb4 4. Qc2 c5 5. a3 Ba5 6. e3 Nc6 7. Be2 O-O 8. O-O
d6 9. d4 Bxc3 10. Qxc3 a5 11. Rd1 Qc7 12. dxc5 dxc5 13. b3 e5 14. Bb2 Bg4 15.
h3 Bh5 16. g4 Bg6 17. Nh4 Ne4 18. Qe1 Ng5 19. Kg2 Bc2 20. Rdc1 Bxb3 21. a4 Nb4
22. Qc3 Bxa4 23. Qxe5 Qxe5 24. Bxe5 Bc6+ 25. Kf1 Ne4 26. Ke1 Rfe8 27. Bc7 a4
28. Nf5 g6 29. Nd6 Re7 30. Bb6 Re6 31. Nxe4 Bxe4 32. Bxc5 Nc2+ 33. Rxc2 Bxc2
34. Kd2 Bb3 35. Bd4 b6 36. Kc3 Rc8 37. Kb4 Rd8 38. Bf3 Red6 39. Bd5 b5 40. Kxb5
Rxd5+ 41. cxd5 Rxd5+ 42. Kb4 Kf8 1/2-1/2

[Event "BL 0910 H.Handschuhsheim - SF Katernber"]
[Site "?"]
[Date "2010.04.10"]
[Round "14.2"]
[White "Ginsburg, Gennadi"]
[Black "Seel, Christian"]
[Result "1-0"]
[WhiteElo "2537"]
[BlackElo "2493"]
[PlyCount "79"]
[EventDate "2010.??.??"]

1. e4 e5 2. Nf3 d6 3. d4 exd4 4. Nxd4 Nf6 5. Nc3 Be7 6. g3 Nc6 7. Bg2 O-O 8.
O-O Bg4 9. Qd2 Qc8 10. b3 Re8 11. Bb2 Nxd4 12. Qxd4 Bf8 13. Rfe1 Bh3 14. Rad1
c6 15. Ba3 Bxg2 16. Kxg2 Re6 17. f4 Qe8 18. f5 Re5 19. Bc1 c5 20. Qa4 b5 21.
Qxb5 Nxe4 22. Qxe8 Raxe8 23. Nxe4 Rxe4 24. Rxe4 Rxe4 25. Kf3 Re5 26. g4 c4 27.
Bf4 Ra5 28. a4 Ra6 29. Be3 f6 30. Ke4 Kf7 31. Rd5 cxb3 32. cxb3 Be7 33. Rb5 Rc6
34. Bxa7 Rc2 35. h3 h5 36. gxh5 Rh2 37. a5 Rxh3 38. a6 Rxh5 39. Bd4 Rh4+ 40.
Kd5 1-0

[Event "BL 0910 H.Handschuhsheim - SF Katernber"]
[Site "?"]
[Date "2010.04.10"]
[Round "14.3"]
[White "Bischoff, Klaus"]
[Black "Gurevic, Vladimir"]
[Result "1/2-1/2"]
[WhiteElo "2561"]
[BlackElo "2470"]
[PlyCount "58"]
[EventDate "2010.??.??"]

1. e4 c5 2. d3 Nc6 3. g3 g6 4. Bg2 Bg7 5. f4 e6 6. Nf3 Nge7 7. Na3 Rb8 8. c3 b5
9. Nc2 b4 10. c4 O-O 11. Qe2 a5 12. O-O a4 13. Rb1 d6 14. b3 axb3 15. axb3 Ra8
16. Be3 Qb6 17. Qf2 Ra2 18. d4 cxd4 19. Nfxd4 Nxd4 20. Bxd4 Bxd4 21. Qxd4 Qc5
22. Rf2 e5 23. fxe5 Qxd4 24. Nxd4 Rxf2 25. Kxf2 dxe5 26. Nc2 Nc6 27. Ra1 Bb7
28. Ke3 Rd8 29. Bf3 Kf8 1/2-1/2

[Event "BL 0910 H.Handschuhsheim - SF Katernber"]
[Site "?"]
[Date "2010.04.10"]
[Round "14.5"]
[White "Siebrecht, Sebastian"]
[Black "Gerigk, Erasmus"]
[Result "1-0"]
[WhiteElo "2456"]
[BlackElo "2335"]
[PlyCount "57"]
[EventDate "2010.??.??"]

1. d4 d5 2. Nf3 Nc6 3. c4 Bg4 4. Nc3 e6 5. cxd5 exd5 6. Bf4 Bxf3 7. gxf3 Bd6 8.
Bg3 Nge7 9. e3 Qd7 10. a3 O-O-O 11. Nb5 Bxg3 12. hxg3 f5 13. f4 Ng8 14. Rc1 Kb8
15. Nc3 Nce7 16. Na4 b6 17. b4 Nf6 18. Nb2 Ne4 19. Nd3 Ng6 20. Qc2 Rc8 21. b5
Qxb5 22. Nb4 Qa5 23. Ba6 Ne7 24. O-O c5 25. Bxc8 Rxc8 26. dxc5 bxc5 27. Nd3
Qxa3 28. Ra1 Qc3 29. Rfb1+ 1-0

[Event "BL 0910 H.Handschuhsheim - SF Katernber"]
[Site "?"]
[Date "2010.04.10"]
[Round "14.6"]
[White "Schwalfenberg, Joerg"]
[Black "Scholz, Christian"]
[Result "1/2-1/2"]
[WhiteElo "2317"]
[BlackElo "2373"]
[PlyCount "81"]
[EventDate "2010.??.??"]

1. Nf3 Nf6 2. c4 g6 3. g3 Bg7 4. Bg2 O-O 5. Nc3 d6 6. d4 Nbd7 7. O-O e5 8. e4
c6 9. h3 Qb6 10. Re1 exd4 11. Nxd4 Ne8 12. Nb3 Ne5 13. c5 dxc5 14. Be3 Be6 15.
Na4 Qb4 16. Nbxc5 Nc4 17. a3 Qa5 18. Nxb7 Qb5 19. Nbc5 Nxb2 20. Nxb2 Qxb2 21.
Nxe6 fxe6 22. Qd7 Qxa1 23. Rxa1 Bxa1 24. Qxe6+ Kh8 25. Qxc6 Ng7 26. Qa6 Rf7 27.
e5 Re8 28. f4 Nf5 29. Bf2 Rd8 30. Be4 Rd1+ 31. Kg2 Bd4 32. Bxd4 Nxd4 33. e6
Rd2+ 34. Kg1 Rc7 35. e7 Rxe7 36. Qf6+ Rg7 37. Kf1 Ne2 38. Qf8+ Rg8 39. Qf6+ Rg7
40. Qf8+ Rg8 41. Qf6+ 1/2-1/2

[Event "BL 0910 H.Handschuhsheim - SF Katernber"]
[Site "?"]
[Date "2010.04.10"]
[Round "14.7"]
[White "Hoolt, Sarah"]
[Black "Vatter, Hans-Joachim"]
[Result "1/2-1/2"]
[WhiteElo "2225"]
[BlackElo "2321"]
[PlyCount "87"]
[EventDate "2010.??.??"]

1. e4 c5 2. Nf3 g6 3. d4 Bg7 4. c3 cxd4 5. cxd4 d5 6. e5 Bg4 7. Bb5+ Nc6 8. h3
Bxf3 9. Qxf3 e6 10. Nc3 Qb6 11. Qd3 Nge7 12. Na4 Qc7 13. Bd2 O-O 14. Rc1 a6 15.
Bxc6 Nxc6 16. O-O Rfc8 17. h4 b6 18. h5 Qa7 19. b4 Rc7 20. a3 Rac8 21. Rc3 Bf8
22. Rfc1 Nb8 23. Bg5 Qb7 24. R1c2 Rc6 25. Qd2 Rc4 26. Rxc4 Rxc4 27. Rxc4 dxc4
28. Nc3 Nc6 29. Ne4 Ne7 30. Nf6+ Kh8 31. Bh6 Qc8 32. hxg6 fxg6 33. Bxf8 Qxf8
34. d5 Nxd5 35. Nxd5 Qd8 36. Qf4 exd5 37. e6 Qe7 38. Qe5+ Kg8 39. Qxd5 c3 40.
Qa8+ Kg7 41. Qc8 c2 42. Qxc2 Qxe6 43. Qc7+ Kh6 44. Qh2+ 1/2-1/2

[Event "BL 0910 H.Handschuhsheim - SF Katernber"]
[Site "?"]
[Date "2010.04.10"]
[Round "14.8"]
[White "Roos, Jean-Luc"]
[Black "Kotainy, Jens"]
[Result "0-1"]
[WhiteElo "2260"]
[BlackElo "2243"]
[PlyCount "188"]
[EventDate "2010.??.??"]

1. e4 e6 2. d4 d5 3. Nd2 Nf6 4. e5 Nfd7 5. Bd3 c5 6. c3 Nc6 7. Ndf3 cxd4 8.
cxd4 f6 9. exf6 Nxf6 10. Ne2 Bd6 11. O-O O-O 12. Bg5 Bd7 13. Qc2 Nb4 14. Qb1
Nxd3 15. Qxd3 Qb6 16. Nc3 Rac8 17. b3 Bb4 18. Rfc1 Ba3 19. Rc2 Qc7 20. Bh4 Ne4
21. Bg3 Nxg3 22. hxg3 Be8 23. Ne5 b5 24. b4 a5 25. Nxd5 Qxc2 26. Ne7+ Kh8 27.
Nxc8 Qxd3 28. Nxd3 Bg6 29. Nf4 Rxc8 30. bxa5 Ra8 31. Re1 Rxa5 32. Nxe6 Bd6 33.
Rc1 Kg8 34. Rc6 Be7 35. d5 Be4 36. Rc7 Bf6 37. d6 Bf5 38. Nf4 Rxa2 39. Rc5 Bd7
40. Rc7 Bf5 41. Rc5 Bg4 42. Rxb5 Rd2 43. Rb8+ Kf7 44. Rb7+ Ke8 45. Rb8+ Kd7 46.
f3 Bf5 47. Rb5 Bc2 48. Nh5 Rxd6 49. Nxf6+ gxf6 50. g4 Ke6 51. Kf2 Rd2+ 52. Kg3
Kf7 53. Rb2 Kg6 54. Rb6 Bd1 55. Rc6 Be2 56. f4 Rd3+ 57. Kh4 Rd4 58. Kg3 h6 59.
Rb6 Bd1 60. Ra6 Rd2 61. Rb6 Rd4 62. Ra6 Bb3 63. Rb6 Bc2 64. Rb2 Be4 65. Kh4 Bd5
66. Kg3 h5 67. Rf2 hxg4 68. Kxg4 Be6+ 69. Kh4 f5 70. Rf1 Kf6 71. Kh3 Rd8 72.
Kg3 Bd5 73. Rg1 Rg8+ 74. Kf2 Rg4 75. g3 Rg7 76. Ke3 Bf7 77. Kf2 Bh5 78. Ra1 Re7
79. Ra2 Bg4 80. Rb2 Ke6 81. Rd2 Rc7 82. Kg2 Rc5 83. Kf2 Rd5 84. Ra2 Kd6 85. Rc2
Rd3 86. Ra2 Kd5 87. Ra5+ Kc4 88. Re5 Rd2+ 89. Kf1 Kd3 90. Kg1 Bh3 91. Kh1 Re2
92. Kg1 Rg2+ 93. Kh1 Rxg3 94. Kh2 Rf3 0-1

[Event "BL 0910 Schachfr. Berlin - Bayern Münch"]
[Site "?"]
[Date "2010.04.11"]
[Round "15.1"]
[White "Bromberger, Stefan"]
[Black "Markos, Jan"]
[Result "1/2-1/2"]
[WhiteElo "2518"]
[BlackElo "2565"]
[PlyCount "74"]
[EventDate "2010.??.??"]

1. e4 c5 2. Nf3 Nc6 3. d4 cxd4 4. Nxd4 e5 5. Nb5 d6 6. N1c3 a6 7. Na3 Be7 8.
Nc4 b5 9. Ne3 Nf6 10. g3 O-O 11. Bg2 b4 12. Ncd5 Nxd5 13. Nxd5 Bg5 14. a3 Bxc1
15. Qxc1 b3 16. c3 Be6 17. Ne3 Qb6 18. Qd2 Na5 19. O-O-O Rfd8 20. f4 Rac8 21.
f5 Nc4 22. Nxc4 Bxc4 23. g4 f6 24. g5 fxg5 25. Qxg5 Rf8 26. Rd2 Rc7 27. Bf1 Bb5
28. Bxb5 axb5 29. Rhd1 Rf6 30. Rg2 Kh8 31. Kb1 Qc6 32. Qe3 Rxf5 33. Rxg7 Rxg7
34. exf5 Qg2 35. Qd3 d5 36. f6 Rf7 37. Qxd5 Qxd5 1/2-1/2

[Event "BL 0910 Schachfr. Berlin - Bayern Münch"]
[Site "?"]
[Date "2010.04.11"]
[Round "15.3"]
[White "Renner, Christoph"]
[Black "Polzin, Rainer"]
[Result "1-0"]
[WhiteElo "2440"]
[BlackElo "2491"]
[PlyCount "79"]
[EventDate "2010.??.??"]

1. e4 c5 2. d3 Nc6 3. g3 g6 4. Bg2 Bg7 5. Nc3 d6 6. Be3 Rb8 7. Nf3 Nf6 8. h3 b5
9. Qd2 b4 10. Nd1 O-O 11. O-O a5 12. Bh6 a4 13. Bxg7 Kxg7 14. Ne3 Nd4 15. Nh2
a3 16. b3 Ng8 17. f4 e6 18. e5 Bb7 19. Rae1 Bxg2 20. Qxg2 d5 21. g4 f5 22.
exf6+ Nxf6 23. f5 exf5 24. gxf5 Qd6 25. fxg6 hxg6 26. Nf3 Kh7 27. Ng5+ Kg8 28.
Nf3 Kh7 29. Ng5+ Kg8 30. Nf5 Nxf5 31. Rxf5 Rbe8 32. Ne6 Kf7 33. Rxf6+ Kxf6 34.
Qf3+ Ke7 35. Nxf8+ Kd8 36. Rf1 Re7 37. d4 Rf7 38. Ne6+ Kc8 39. Qg4 Rf5 40. Nxc5
1-0

[Event "BL 0910 Schachfr. Berlin - Bayern Münch"]
[Site "?"]
[Date "2010.04.11"]
[Round "15.4"]
[White "Kraemer, Martin"]
[Black "Belezky, Alexander"]
[Result "1-0"]
[WhiteElo "2482"]
[BlackElo "2463"]
[PlyCount "79"]
[EventDate "2010.??.??"]

1. d4 Nf6 2. c4 g6 3. g3 Bg7 4. Bg2 d6 5. Nc3 O-O 6. Nf3 Nc6 7. O-O a6 8. Re1
Rb8 9. Rb1 Bd7 10. b4 e5 11. dxe5 Nxe5 12. Nxe5 dxe5 13. Be3 Re8 14. Qb3 Be6
15. Red1 Nd7 16. b5 a5 17. Qa4 b6 18. Bc6 Qe7 19. c5 Red8 20. cxb6 Nxb6 21.
Qxa5 Nc4 22. Qa7 Nxe3 23. Qxe3 Rd4 24. Bd5 Rd8 25. Bxe6 Qxe6 26. Rxd4 Rxd4 27.
a4 Bf8 28. Rd1 Bc5 29. Rxd4 Bxd4 30. Qf3 Qc4 31. Nd5 Qxa4 32. Nxc7 e4 33. Qg4
f5 34. Qg5 Bb6 35. Qd8+ Kf7 36. Qd7+ Kg8 37. Qe6+ Kf8 38. Qxb6 Qd1+ 39. Kg2
Qxe2 40. Qe3 1-0

[Event "BL 0910 Schachfr. Berlin - Bayern Münch"]
[Site "?"]
[Date "2010.04.11"]
[Round "15.5"]
[White "Meissner, Bernd"]
[Black "Schneider, Ilja"]
[Result "1/2-1/2"]
[WhiteElo "2410"]
[BlackElo "2500"]
[PlyCount "52"]
[EventDate "2010.??.??"]

1. d4 d5 2. c4 c6 3. Nf3 Nf6 4. Nc3 a6 5. cxd5 cxd5 6. Bf4 Nc6 7. e3 Bg4 8. h3
Bxf3 9. Qxf3 e6 10. Bd3 Bd6 11. Bg5 h6 12. Bh4 Rc8 13. O-O Be7 14. Bxf6 Bxf6
15. Rac1 O-O 16. a3 Qa5 17. Qe2 b5 18. Bb1 b4 19. Qd3 g6 20. Ne2 bxa3 21. bxa3
Qb5 22. Rc5 Qxd3 23. Bxd3 Be7 24. Rc3 Na7 25. Rxc8 Nxc8 26. Bxa6 Bxa3 1/2-1/2

[Event "BL 0910 Schachfr. Berlin - Bayern Münch"]
[Site "?"]
[Date "2010.04.11"]
[Round "15.6"]
[White "Berndt, Stephan"]
[Black "Meister, Peter"]
[Result "0-1"]
[WhiteElo "2442"]
[BlackElo "2396"]
[PlyCount "66"]
[EventDate "2010.??.??"]

1. e4 e6 2. d4 d5 3. Nc3 Nc6 4. Nf3 Nf6 5. Bg5 Be7 6. Bxf6 Bxf6 7. Bb5 O-O 8.
O-O Nb8 9. Qd2 b6 10. Rfe1 c6 11. Bf1 Ba6 12. Rad1 Bxf1 13. Kxf1 Nd7 14. e5 Be7
15. Ne2 c5 16. c4 Nb8 17. Nf4 dxc4 18. d5 Bg5 19. Nxg5 Qxg5 20. g3 Qf5 21. h4
h6 22. Qc3 b5 23. Qe3 Na6 24. dxe6 fxe6 25. Rd6 Nb4 26. Qxc5 g5 27. hxg5 hxg5
28. Nxe6 Nd3 29. Rxd3 cxd3 30. Nxf8 Qf3 31. Kg1 d2 32. Rf1 d1=Q 33. e6 Qdd5 0-1

[Event "BL 0910 Schachfr. Berlin - Bayern Münch"]
[Site "?"]
[Date "2010.04.11"]
[Round "15.7"]
[White "Reich, Thomas"]
[Black "Thinius, Marco"]
[Result "0-1"]
[WhiteElo "2368"]
[BlackElo "2375"]
[PlyCount "106"]
[EventDate "2010.??.??"]

1. d4 f5 2. Nf3 Nf6 3. g3 g6 4. Bg2 Bg7 5. c4 O-O 6. O-O d6 7. Nc3 Qe8 8. b3 e5
9. dxe5 dxe5 10. e4 Nc6 11. Nd5 Qd7 12. exf5 e4 13. Ng5 gxf5 14. Bb2 Nxd5 15.
Bxg7 Qxg7 16. Qxd5+ Kh8 17. Nh3 Rd8 18. Qc5 Nd4 19. Rad1 b6 20. Qa3 c5 21. Nf4
Bb7 22. Kh1 Rd6 23. Rd2 Re8 24. Qc1 a5 25. Re1 Bc6 26. Qc3 Red8 27. Red1 Kg8
28. Qe3 Nc2 29. Rxd6 Rxd6 30. Qe2 Rxd1+ 31. Qxd1 Qd4 32. Qf1 Qd2 33. Qe2 Qc1+
34. Qf1 Qxf1+ 35. Bxf1 Kf7 36. Be2 Kf6 37. Bd1 Nb4 38. a3 Nd3 39. Kg1 Ke5 40.
Ne2 Nb2 41. Bc2 a4 42. Kf1 axb3 43. Bxb3 Ba4 44. Ba2 Bc2 45. Ke1 Bd3 46. Nc3
Bxc4 47. Bb1 b5 48. Kd2 b4 49. axb4 cxb4 50. Ne2 Bxe2 51. Kxe2 b3 52. f4+ Kf6
53. g4 Nc4 0-1

[Event "BL 0910 Schachfr. Berlin - Bayern Münch"]
[Site "?"]
[Date "2010.04.11"]
[Round "15.8"]
[White "Abel, Dennes"]
[Black "Jorczik, Julian"]
[Result "1/2-1/2"]
[WhiteElo "2380"]
[BlackElo "2374"]
[PlyCount "112"]
[EventDate "2010.??.??"]

1. d4 Nf6 2. c4 g6 3. Nc3 Bg7 4. e4 d6 5. Be2 O-O 6. Be3 e5 7. Nf3 Nbd7 8. d5
Ne8 9. Qc2 a5 10. O-O-O Nc5 11. Nd2 f5 12. f3 Qh4 13. g3 Qh3 14. Rdg1 fxe4 15.
Ndxe4 Bh6 16. Ng5 Qf5 17. h4 Qxc2+ 18. Kxc2 Bg7 19. Kd2 h6 20. Nge4 b6 21. b3
Nf6 22. Nxf6+ Rxf6 23. Rf1 Bd7 24. h5 g5 25. Bxc5 bxc5 26. Ne4 Rf7 27. g4 Rf4
28. Ke3 Raf8 29. Rb1 Rb8 30. Bd3 Rb6 31. Ng3 Bf8 32. Be4 Kf7 33. Bf5 Bxf5 34.
Nxf5 Ke8 35. Ng3 Kd7 36. Ne4 Be7 37. Rh2 Rf8 38. Rhb2 Bf6 39. Rc2 Bg7 40. Nf2
Rf4 41. Ne4 Rf8 42. Rd1 Rb4 43. Rd3 a4 44. Rcc3 axb3 45. axb3 Ra8 46. Rc2 Ra1
47. Rb2 Rb8 48. Rdd2 Ra3 49. Rd3 Ra1 50. Rdd2 Rba8 51. Kd3 Rf1 52. Rf2 Rd1+ 53.
Rfd2 Rf1 54. Rf2 Rd1+ 55. Rfd2 Rf1 56. Rf2 Rd1+ 1/2-1/2

[Event "BL 0910 SK König Tegel - Erfurter SK"]
[Site "?"]
[Date "2010.04.11"]
[Round "15.1"]
[White "Haba, Petr"]
[Black "Rabiega, Robert"]
[Result "1/2-1/2"]
[WhiteElo "2541"]
[BlackElo "2531"]
[PlyCount "106"]
[EventDate "2010.??.??"]

1. d4 d5 2. c4 dxc4 3. e4 Nf6 4. e5 Nd5 5. Bxc4 Nb6 6. Bb3 Nc6 7. Ne2 Bg4 8. f3
Bf5 9. Nbc3 e6 10. O-O Qd7 11. a3 Be7 12. Be3 O-O-O 13. Qc1 Kb8 14. Rd1 f6 15.
exf6 gxf6 16. Ng3 Bg6 17. Nge4 Na5 18. Ba2 Nac4 19. Bf2 Qc8 20. Nb5 Bxe4 21.
fxe4 a6 22. Bxc4 Nxc4 23. Qxc4 axb5 24. Qxb5 Rhg8 25. Rac1 Rg4 26. Qe2 Rdg8 27.
Bg3 e5 28. d5 Qf8 29. b4 h5 30. Qe3 Bd6 31. Kh1 Qg7 32. Rg1 Qg6 33. Rce1 b6 34.
Qf3 h4 35. Bf2 Rf4 36. Qe2 Rg4 37. h3 Rxg2 38. Qf3 Rg5 39. Rxg5 fxg5 40. Qg4
Qe8 41. Re3 Rf8 42. Rf3 Rf4 43. Rxf4 exf4 44. Qf3 Qe5 45. Kg2 Qb2 46. Qd3 Be5
47. Kf1 Qa1+ 48. Kg2 Qb2 49. Kf1 Kb7 50. Kg1 Qa1+ 51. Kg2 Qb2 52. Kg1 Qa1+ 53.
Kg2 Qb2 1/2-1/2

[Event "BL 0910 SK König Tegel - Erfurter SK"]
[Site "?"]
[Date "2010.04.11"]
[Round "15.2"]
[White "Stern, Rene"]
[Black "Kuczynski, Robert"]
[Result "1/2-1/2"]
[WhiteElo "2501"]
[BlackElo "2505"]
[PlyCount "113"]
[EventDate "2010.??.??"]

1. d4 d5 2. c4 c6 3. cxd5 cxd5 4. Bf4 Nc6 5. e3 Nf6 6. Nc3 e6 7. Bd3 Be7 8. h3
O-O 9. Rc1 Qb6 10. Qe2 Bd7 11. a3 Rfc8 12. Nf3 Be8 13. O-O Na5 14. Rc2 Nb3 15.
Nd2 Nxd2 16. Qxd2 Qd8 17. Rfc1 a6 18. f3 Rc6 19. g4 Rac8 20. Bg3 Nd7 21. Ne2
Nb6 22. Rxc6 Bxc6 23. Qa5 Nc4 24. Qxd8+ Rxd8 25. Bxc4 dxc4 26. Kf2 b5 27. e4
Kf8 28. Ke3 Ke8 29. Rc2 Bb7 30. Bc7 Rc8 31. Ba5 Kd7 32. Bb4 Bd8 33. Rd2 Rb8 34.
Bc3 f6 35. Rd1 a5 36. Nf4 Ke7 37. d5 e5 38. Nh5 g6 39. Ng3 Bc8 40. Kf2 b4 41.
axb4 axb4 42. Bd2 Bb6+ 43. Be3 Kd6 44. Nf1 c3 45. bxc3 bxc3 46. Bxb6 Rxb6 47.
Rc1 Rb3 48. Ne3 Kc5 49. d6 Kxd6 50. Nd1 f5 51. Rxc3 Rxc3 52. Nxc3 f4 53. h4 h6
54. Nd5 Be6 55. Nf6 Ke7 56. g5 hxg5 57. hxg5 1/2-1/2

[Event "BL 0910 SK König Tegel - Erfurter SK"]
[Site "?"]
[Date "2010.04.11"]
[Round "15.3"]
[White "Casper, Thomas"]
[Black "Muse, Mladen"]
[Result "1/2-1/2"]
[WhiteElo "2395"]
[BlackElo "2448"]
[PlyCount "40"]
[EventDate "2010.??.??"]

1. e4 g6 2. d4 Bg7 3. Nf3 d6 4. Be2 Nf6 5. Nc3 O-O 6. O-O Nc6 7. h3 a6 8. Bg5
h6 9. Be3 e6 10. Qd2 Kh7 11. Rad1 b5 12. e5 dxe5 13. Nxe5 Bb7 14. Bf3 Qe8 15.
Nd3 Na5 16. Bxb7 Nxb7 17. Bf4 Rd8 18. Bxc7 Rxd4 19. Be5 Rc4 20. b3 Rc8 1/2-1/2

[Event "BL 0910 SK König Tegel - Erfurter SK"]
[Site "?"]
[Date "2010.04.11"]
[Round "15.4"]
[White "Von Herman, Ulf"]
[Black "Enders, Peter"]
[Result "0-1"]
[WhiteElo "2424"]
[BlackElo "2467"]
[PlyCount "106"]
[EventDate "2010.??.??"]

1. d4 Nf6 2. c4 g6 3. Nc3 Bg7 4. e4 d6 5. Bd3 O-O 6. Nge2 Nc6 7. O-O e5 8. d5
Nd4 9. Bg5 c5 10. dxc6 bxc6 11. b4 Ne6 12. Bd2 Bb7 13. Rc1 d5 14. c5 a5 15. a3
axb4 16. axb4 Ba6 17. Bxa6 Rxa6 18. exd5 Nxd5 19. Nxd5 Qxd5 20. Be3 Nd4 21. Rb1
Ra3 22. Bc1 Ra7 23. Nxd4 exd4 24. Qd3 h5 25. Bf4 Rfa8 26. Qf3 Qxf3 27. gxf3 Rb7
28. Rb3 Rb5 29. Re1 Bf8 30. Reb1 f6 31. Kf1 Ra7 32. Ke2 Rab7 33. Kd3 Bxc5 34.
Rc1 Kf7 35. Rb2 Be7 36. Rxc6 Rxb4 37. Rxb4 Rxb4 38. Rc4 Rb3+ 39. Kxd4 Rxf3 40.
Bg3 f5 41. Rc7 Ke8 42. Kd5 Rb3 43. Be5 Kf7 44. Bd4 Rb5+ 45. Kc4 Ra5 46. f4 h4
47. h3 Ra2 48. Kd3 Ke8 49. Rc2 Ra6 50. Rc8+ Kf7 51. Rc7 Ke6 52. Ra7 Rd6 53. Rb7
Bf6 0-1

[Event "BL 0910 SK König Tegel - Erfurter SK"]
[Site "?"]
[Date "2010.04.11"]
[Round "15.5"]
[White "Voekler, Bernd"]
[Black "Muse, Drazen"]
[Result "1/2-1/2"]
[WhiteElo "2393"]
[BlackElo "2367"]
[PlyCount "45"]
[EventDate "2010.??.??"]

1. e4 c6 2. d4 d5 3. Nc3 dxe4 4. Nxe4 Bf5 5. Ng3 Bg6 6. Nf3 Nd7 7. h4 h6 8. h5
Bh7 9. Bd3 Bxd3 10. Qxd3 e6 11. Bd2 Qc7 12. O-O-O Ngf6 13. Qe2 O-O-O 14. Ne5
Nb6 15. Rh4 Bd6 16. Ba5 Bxe5 17. dxe5 Rxd1+ 18. Kxd1 Rd8+ 19. Kc1 Ne8 20. c4
Qe7 21. Re4 Rd7 22. Qe3 Qd8 23. Bxb6 1/2-1/2

[Event "BL 0910 SK König Tegel - Erfurter SK"]
[Site "?"]
[Date "2010.04.11"]
[Round "15.6"]
[White "Fruebing, Stefan"]
[Black "Schoene, Maria"]
[Result "1/2-1/2"]
[WhiteElo "2337"]
[BlackElo "2274"]
[PlyCount "84"]
[EventDate "2010.??.??"]

1. e4 c5 2. Nf3 d6 3. d4 cxd4 4. Nxd4 Nf6 5. Nc3 g6 6. Be3 Bg7 7. f3 Nc6 8. Qd2
O-O 9. O-O-O Nxd4 10. Bxd4 Be6 11. Kb1 Qc7 12. h4 Rfc8 13. g4 Qa5 14. a3 Rab8
15. h5 b5 16. Nd5 Qxd2 17. Rxd2 Nxd5 18. Bxg7 Kxg7 19. exd5 Bd7 20. Bd3 b4 21.
axb4 Rxb4 22. g5 Bf5 23. hxg6 hxg6 24. Rdh2 Rg8 25. Rh7+ Kf8 26. R1h4 Rxh4 27.
Rxh4 Bxd3 28. cxd3 f6 29. Ra4 fxg5 30. Rxa7 Kf7 31. Kc2 Rc8+ 32. Kd2 Rc5 33. b4
Rxd5 34. Ra5 Ke6 35. Ke3 Rxa5 36. bxa5 Kd5 37. Kf2 Kc5 38. Kg3 Kb5 39. Kg4 Kxa5
40. Kxg5 Kb4 41. Kxg6 Kc3 42. Kf7 Kxd3 1/2-1/2

[Event "BL 0910 SK König Tegel - Erfurter SK"]
[Site "?"]
[Date "2010.04.11"]
[Round "15.8"]
[White "Kachibadze, Georg"]
[Black "Schuetze, Norman"]
[Result "1-0"]
[WhiteElo "2239"]
[BlackElo "2278"]
[PlyCount "105"]
[EventDate "2010.??.??"]

1. e4 c5 2. Nf3 d6 3. d4 cxd4 4. Nxd4 Nf6 5. Nc3 a6 6. Be2 e6 7. a4 Nbd7 8. f4
b6 9. Bf3 Bb7 10. O-O Rc8 11. Kh1 Qc7 12. Qe1 h5 13. f5 e5 14. Nb3 Qb8 15. Bg5
Be7 16. Rd1 Qa8 17. Qe2 h4 18. Bxf6 Nxf6 19. Nd5 Bxd5 20. exd5 Qb7 21. c4 a5
22. Rde1 Qc7 23. Nd2 Qd7 24. Qe3 Rb8 25. b3 Qxf5 26. c5 bxc5 27. Nc4 h3 28. g3
O-O 29. Nxa5 Qd7 30. Nc6 Ra8 31. Rd1 c4 32. a5 cxb3 33. Qxb3 Bd8 34. Ra1 Re8
35. a6 e4 36. Be2 e3 37. Ra2 Ng4 38. Rf4 Nf2+ 39. Kg1 Bg5 40. Rf3 Ne4 41. Qd3
g6 42. Rf1 Nf2 43. Qc2 Re4 44. Bf3 Rg4 45. Rxf2 exf2+ 46. Kxf2 Bf6 47. a7 Rg5
48. Qb1 Rf5 49. Qb8+ Kg7 50. Ra3 Rxd5 51. Qxa8 Qf5 52. Qg8+ Kxg8 53. Ne7+ 1-0

[Event "BL 0910 SV Wattenscheid - SG Turm Trier"]
[Site "?"]
[Date "2010.04.11"]
[Round "15.1"]
[White "Lupulescu, Constantin"]
[Black "Bartel, Mateusz"]
[Result "1/2-1/2"]
[WhiteElo "2599"]
[BlackElo "2609"]
[PlyCount "45"]
[EventDate "2010.??.??"]

1. e4 e6 2. d4 d5 3. Nd2 Nf6 4. e5 Nfd7 5. f4 c5 6. c3 Nc6 7. Ndf3 cxd4 8. cxd4
f5 9. Bd3 Be7 10. Ne2 Nb6 11. Nc3 Bd7 12. O-O O-O 13. Be3 Be8 14. Nd2 Rc8 15.
Rc1 Nb4 16. Be2 Nc4 17. Nxc4 dxc4 18. b3 b5 19. a4 a6 20. axb5 axb5 21. bxc4
bxc4 22. Qd2 Nd5 23. Nxd5 1/2-1/2

[Event "BL 0910 SV Wattenscheid - SG Turm Trier"]
[Site "?"]
[Date "2010.04.11"]
[Round "15.3"]
[White "Haslinger, Stewart"]
[Black "Johannessen, Leif Erlend"]
[Result "1/2-1/2"]
[WhiteElo "2529"]
[BlackElo "2532"]
[PlyCount "118"]
[EventDate "2010.??.??"]

1. e4 e5 2. Nf3 Nc6 3. d4 exd4 4. Nxd4 Bc5 5. Be3 Qf6 6. c3 Nge7 7. Bc4 Ne5 8.
Be2 Qg6 9. O-O d6 10. Kh1 Qxe4 11. Nd2 Qg6 12. Nb5 O-O 13. Nxc7 Rb8 14. Bh5 Qf5
15. f4 Nd3 16. Qe2 Bxe3 17. Qxe3 Qxh5 18. Qxd3 Qc5 19. Nb5 Bf5 20. Qe2 Nd5 21.
Rae1 Nf6 22. Nd4 Bd7 23. Qf3 Bc6 24. b4 Qxd4 25. cxd4 Bxf3 26. Rxf3 Rfe8 27.
Rxe8+ Rxe8 28. Kg1 Rc8 29. a3 Kf8 30. Kf1 Rc2 31. Ke1 Nd5 32. Kd1 Rc8 33. Ne4
Rc4 34. Rd3 Ke7 35. g3 f5 36. Nd2 Rc8 37. Nb1 Ke6 38. Kd2 Rc4 39. Kd1 g6 40.
Nd2 Rc7 41. Nf1 h6 42. Ne3 Nxe3+ 43. Rxe3+ Kd5 44. Re8 g5 45. Rh8 gxf4 46. gxf4
Kxd4 47. Rxh6 d5 48. Re6 Rh7 49. Re5 Rxh2 50. Rxf5 Rh7 51. Kd2 Kc4 52. Re5 b6
53. f5 Rh5 54. Re7 Rxf5 55. Rxa7 Rf2+ 56. Ke3 Ra2 57. Rc7+ Kb5 58. Ra7 Kc4 59.
Rc7+ Kb5 1/2-1/2

[Event "BL 0910 SV Wattenscheid - SG Turm Trier"]
[Site "?"]
[Date "2010.04.11"]
[Round "15.4"]
[White "Appel, Ralf"]
[Black "Jaracz, Pawel"]
[Result "1/2-1/2"]
[WhiteElo "2551"]
[BlackElo "2547"]
[PlyCount "42"]
[EventDate "2010.??.??"]

1. Nf3 c5 2. c4 Nc6 3. Nc3 g6 4. e3 Bg7 5. d4 d6 6. Be2 e6 7. O-O cxd4 8. exd4
d5 9. Bg5 Nge7 10. cxd5 exd5 11. Bxe7 Nxe7 12. Bb5+ Kf8 13. Qd2 Bf6 14. Qh6+
Kg8 15. Bd3 Bf5 16. Rad1 Bg4 17. Be2 Qd6 18. Nb5 Qb6 19. Qf4 Bxf3 20. Bxf3 Kg7
21. Nc3 Qxb2 1/2-1/2

[Event "BL 0910 SV Wattenscheid - SG Turm Trier"]
[Site "?"]
[Date "2010.04.11"]
[Round "15.5"]
[White "Seger, Ruediger"]
[Black "Handke, Florian"]
[Result "1-0"]
[WhiteElo "2407"]
[BlackElo "2513"]
[PlyCount "125"]
[EventDate "2010.??.??"]

1. e4 c5 2. c3 d5 3. exd5 Qxd5 4. d4 Nf6 5. Nf3 e6 6. Be3 cxd4 7. cxd4 Bb4+ 8.
Nc3 O-O 9. Bd3 b6 10. O-O Bxc3 11. bxc3 Ba6 12. Bxa6 Nxa6 13. Qe2 Nb8 14. Ne5
Nc6 15. Nxc6 Qxc6 16. c4 Rac8 17. Rfc1 Rfd8 18. a4 Qe4 19. f3 Qc6 20. a5 h6 21.
axb6 axb6 22. Rab1 Nd7 23. Rb5 Ra8 24. d5 Qd6 25. Rcb1 Re8 26. Qf2 Ra4 27. Qc2
Rea8 28. Bxb6 Ra2 29. Qe4 Nf6 30. Qd3 R8a3 31. Qf1 Rc3 32. Bd4 Rcc2 33. Rb8+
Kh7 34. Qd3+ g6 35. R8b2 Raxb2 36. Bxb2 Qb6+ 37. Qd4 Nd7 38. Qxb6 Nxb6 39. dxe6
fxe6 40. Bd4 Nxc4 41. Rb7+ Kg8 42. Rg7+ Kf8 43. Rxg6 Rc1+ 44. Kf2 Rc2+ 45. Kg3
e5 46. Bc5+ Kf7 47. Rxh6 Nd2 48. Bb6 e4 49. fxe4 Nxe4+ 50. Kf4 Kg7 51. Rh4 Nf6
52. Kf3 Kg6 53. Bd4 Nd5 54. Ke4 Ne7 55. Rg4+ Kf7 56. h4 Re2+ 57. Kf3 Ra2 58.
Rf4+ Ke6 59. h5 Ra3+ 60. Kg4 Nd5 61. Rf5 Ne7 62. Re5+ Kf7 63. Rxe7+ 1-0